| 000 | 01018nam a22002417a 4500 | ||
|---|---|---|---|
| 005 | 20240530110947.0 | ||
| 008 | 221114s 2021ua g b 000 0 ara d | ||
| 017 |
_a2639/2021 _bمصر. دار الكتب |
||
| 020 | _a9789773196332 | ||
| 040 |
_aEG-CaGPL _cEG-CaGPL |
||
| 082 | 0 | 4 |
_221 _a327.62047 _bض ع |
| 100 | 0 | _aضياء الدين محمود غازى | |
| 245 | 1 | 2 |
_aالعلاقات المصرية الروسية وتاثيرها على قضايا الشرق الاوسط / _cضياء الدين محمود غازى |
| 250 | _aط.1 | ||
| 260 |
_aالقاهرة : _bالعربى للنشر و التوزيع، _c2021. |
||
| 300 |
_a247 ص. ؛ _c24 سم. |
||
| 504 | _aيشتمل على ارجاعات ببليوجرافية | ||
| 650 | 0 | 7 |
_2qrmak _aالعلاقات الخارجية |
| 651 | 0 | 7 |
_2qrmak _aمصر _xالعلاقات الخارجية _zروسيا |
| 651 | 0 | 7 |
_2qrmak _aروسيا _xالعلاقات الخارجية _zمصر |
| 942 |
_2ddc _cBK |
||
| 999 |
_c66917 _d66917 |
||